Growth, gas exchange and essential oil production of Mentha spicata L. under water deficiency (Registro n. 300273)
[ somente texto ]
| 000 -LÍDER | |
|---|---|
| fixed length control field | 03206nab a2200349 i 4500 |
| 003 - CÓDIGO MARC DA AGÊNCIA CATALOGADORA | |
| Campo de controle | BR-BrBNA |
| 005 - DATA E HORA DA ÚLTIMA ATUALIZAÇÃO | |
| Campo de controle | 20240627142637.0 |
| 008 - CAMPO DE TAMANHO FIXO | |
| fixed length control field | 240627b2023 bl.ar|pooa||| 00| 0 eng | |
| 040 ## - FONTE DA CATALOGAÇÃO | |
| Agência catalogadora | BR-BrBNA |
| Idioma da catalogação | eng |
| 072 ## - CATEGORIA AGRIS | |
| Código AGRIS | H50 |
| Código do objeto | 2290 |
| 072 ## - CATEGORIA AGRIS | |
| Código AGRIS | F60 |
| 100 ## - ENTRADA PRINCIPAL - NOME PESSOAL | |
| Nome pessoal | Batista, Rita de Cássia Monteiro |
| 100 ## - ENTRADA PRINCIPAL - NOME PESSOAL | |
| Nome pessoal | Carvalho, Josabete Salgueiro Bezerra de |
| 100 ## - ENTRADA PRINCIPAL - NOME PESSOAL | |
| Nome pessoal | Coqueiro, Danilo Rosendo |
| 100 ## - ENTRADA PRINCIPAL - NOME PESSOAL | |
| Nome pessoal | Aquino, Pedro Gregório Vieira |
| 100 ## - ENTRADA PRINCIPAL - NOME PESSOAL | |
| Nome pessoal | Alves, Leonardo Zacarias |
| 245 ## - TÍTULO PRINCIPAL | |
| Título principal | Growth, gas exchange and essential oil production of Mentha spicata L. under water deficiency |
| 500 ## - NOTA GERAL | |
| Nota geral | <br/>Publicação online; 30 ref.; 7 illus.; Summaries (En, Pt) |
| 942 ## - ADDED ENTRY ELEMENTS (KOHA) | |
| Koha item type | |
| 520 ## - NOTA DE RESUMO | |
| Nota de conteúdo | <br/><br/>ABSTRACT - Drought stress is a critical factor affecting plant growth<br/>and development. Understanding the effects of drought on<br/>the physiology of medicinal plants can contribute to the<br/>implementation of better water management techniques and<br/>promote a sustainable production. This study aimed to evaluate<br/>the influence of water stress on the growth and development of<br/>Mentha spicata L. plants. A completely randomized design was<br/>used, with two water conditions: irrigated and non-irrigated.<br/>The water deficit negatively affected the dry weight of roots<br/>and shoots, with a decrease in the transpiration rate and<br/>chlorophyll content, potentially impairing the photosynthetic<br/>activity. However, the essential oil production was not affected<br/>in plants subjected to water deficiency, indicating that the<br/>essential oil production may be more resilient to drought stress<br/>in this species.<br/><br/><br/>KEYWORDS: Spearmint, medicinal plant, photosynthesis. |
| 520 ## - NOTA DE RESUMO | |
| Nota de conteúdo | <br/><br/>RESUMO - O estresse hídrico é um fator crítico que afeta o<br/>crescimento e desenvolvimento das plantas. Compreender os<br/>efeitos da seca na fisiologia de plantas medicinais pode contribuir<br/>para a implementação de melhores técnicas de manejo da água<br/>e promover uma produção sustentável. Objetivou-se avaliar a<br/>influência do estresse hídrico no crescimento e desenvolvimento<br/>de plantas de Mentha spicata L. Foi utilizado delineamento<br/>inteiramente casualizado, com dois sistemas: irrigado e não<br/>irrigado. O déficit hídrico afetou negativamente o peso seco das<br/>raízes e caules, com diminuição na taxa de transpiração e no teor de<br/>clorofila, prejudicando potencialmente a atividade fotossintética.<br/>No entanto, a produção de óleo essencial não foi afetada em plantas<br/>submetidas à deficiência hídrica, indicando que a produção de óleo<br/>essencial pode ser mais resiliente ao estresse de seca nessa espécie.<br/><br/><br/>PALAVRAS-CHAVE: Hortelã, planta medicinal, fotossíntese. |
| 650 ## - ASSUNTO - THESAGRO | |
| Cabeçalho tópico ou nome geográfico | MENTA |
| 650 ## - ASSUNTO - THESAGRO | |
| Cabeçalho tópico ou nome geográfico | STRESS |
| 650 ## - ASSUNTO - THESAGRO | |
| Cabeçalho tópico ou nome geográfico | DEFICIÊNCIA HÍDRICA |
| 650 ## - ASSUNTO - THESAGRO | |
| Cabeçalho tópico ou nome geográfico | FOTOSSÍNTESE |
| 650 ## - ASSUNTO - THESAGRO | |
| Cabeçalho tópico ou nome geográfico | TROCA GASOSA |
| 650 ## - ASSUNTO - THESAGRO | |
| Cabeçalho tópico ou nome geográfico | ÓLEO ESSSENCIAL |
| 650 ## - ASSUNTO - THESAGRO | |
| Cabeçalho tópico ou nome geográfico | FISIOLOGIA VEGETAL |
| 773 0# - ENTRADA ANALÍTICA | |
| Host Biblionumber | 3248 |
| Registro do item | 315782 |
| Imprenta | Goiânia-GO UFG. Escola de Agronomia 1999 |
| Outro identificador | 2024-2144 |
| Título | Pesquisa Agropecuária Tropical (Brazil) |
| ISSN | 1517-6398 |
| Colação | v. 53 p. 1-8; (2023) |
| Número de controle de registro | BR2024001615 |
| 856 ## - ACESSO E ENDEREÇO ELETRÔNICO | |
| Identificador uniforme de recurso - URI | https://www.scielo.br/j/pat/a/VchGsKG6Krb3hfwkRzMfXSJ/?format=pdf&lang=en |
Nenhum exemplar disponível.

BINAGRI